书目信息 |
| 题名: |
异步电动机试验及其质量分析
|
|
| 作者: | ;兰州电源车辆设计研究所 编著 | |
| 分册: | ||
| 出版信息: | 北京 机械工业出版社 1977 |
|
| 页数: | 303页 | |
| 开本: | 19cm | |
| 丛书名: | ||
| 单 册: | ||
| 中图分类: | TM343.06 | |
| 科图分类: | ||
| 主题词: | 异步电动机--试验 , 异步电动机--质量分析 | |
| 电子资源: | ||
| ISBN: | 15033.4405 | |
| 000 | 00761nam0 2200241 450 | |
| 001 | 0177003199 | |
| 005 | 20100712215302.0 | |
| 010 | @a15033.4405@dCNY0.77 | |
| 091 | @a15033.4405 | |
| 100 | @a19951010d1977 em y0chiy0110 ea | |
| 101 | 0 | @achi |
| 102 | @aCN@b110000 | |
| 105 | @ay z 000yy | |
| 106 | @ar | |
| 200 | 1 | @a异步电动机试验及其质量分析@9Yi Bu Dian Dong Ji Shi Yan Ji Qi;Ji Zhi Liang Fen Xi @f兰州电源车辆设计研究所编著 |
| 210 | @a北京@c机械工业出版社@d1977 | |
| 215 | @a303页@d19cm | |
| 606 | 0 | @a异步电动机@x试验 |
| 606 | 0 | @a异步电动机@x质量分析 |
| 690 | @aTM343.06@v3 | |
| 711 | 02 | @a兰州电源车辆设计研究所@9lan zhou dian yuan che liang she ji yan jiu suo@4编著 |
| 801 | 0 | @aCN@bAzMarc@c20130904 |
| 905 | @aBZT@dTM343.0@e1@f3@sTM343.0/1 | |
| 异步电动机试验及其质量分析/兰州电源车辆设计研究所编著.-北京:机械工业出版社,1977 |
| 303页;19cm |
| ISBN 15033.4405:CNY0.77 |
| ● |
| 相关链接 |
|
|
|
正题名:异步电动机试验及其质量分析
索取号:TM343.0/1
 
预约/预借
| 序号 | 登录号 | 条形码 | 馆藏地/架位号 | 状态 | 备注 |
| 1 | 2000079363 | 2000079363 | 旧书回溯/ [索取号:TM343.0/1] | 在馆 | |
| 2 | 2000125467 | 2000125467 | 旧书回溯/ [索取号:TM343.0/1] | 在馆 | |
| 3 | 2000125682 | 2000125682 | 旧书回溯/ [索取号:TM343.0/1] | 在馆 |